Riadenie rizík v zásobovacích reťazcoch aplikované na podmienky americkej ekonomiky

Analyza zásobovacích reťazcov v podmienkach americkej ekonomiky a priblíženie jedného z možných prístupov riadenia rizika výkyvov v dopyte po finálnej produkcii aplikovaný na vybranú americkú firmu.

Salvato in:
Dettagli Bibliografici
Autore principale: Devečka, Martin
Natura: Capitolo di libro
Lingua:slovacco
Soggetti:
Tags: Aggiungi Tag
Nessun Tag, puoi essere il primo ad aggiungerne!!

MARC

LEADER 00000nla a2200000 4500
001 0152939
005 20240502072726.1
041 0 |a slo 
044 |a SK 
245 1 0 |a Riadenie rizík v zásobovacích reťazcoch aplikované na podmienky americkej ekonomiky  |c Martin Devečka 
520 |a Analyza zásobovacích reťazcov v podmienkach americkej ekonomiky a priblíženie jedného z možných prístupov riadenia rizika výkyvov v dopyte po finálnej produkcii aplikovaný na vybranú americkú firmu. 
610 2 0 |a reťazce dodávateľsko-odberateľské 
610 2 0 |a reťazce distribučné 
610 2 0 |a reťazce logistické 
610 2 0 |a riadenie rizík 
610 2 0 |a zásobovanie 
610 2 0 |a siete obchodné 
610 2 0 |a firmy 
610 2 0 |a USA 
100 1 |a Devečka, Martin